000 00363nam a2200145Ia 4500
008 221030s9999 xx 000 0 und d
041 _aEnglish
082 _a105.23
_bSin
100 _aS. Singh
245 0 _aElectrical Engineering Drawing - Part 2
_cby S. Singh
260 _bS.K. Kataria & Sons
_aNew Delhi
_c1999
300 _a203
650 _aEE
942 _cBK
999 _c6544
_d6544